Statistics for Osmani International Airport Destinations (Sylhet, Bangladesh)

Click here to take the quiz!

General Stats

  • This quiz has been taken 15 times
  • The average score is 6 of 9

Answer Stats

AirlineDestination% Correct
Biman Bangladesh AirlinesChittagong
100%
Air Astra/Biman Bangladesh Airlines/Novoair/US-Bangla AirlinesDhaka
100%
Biman Bangladesh AirlinesDoha
88%
Biman Bangladesh AirlinesDubai (International)
75%
Biman Bangladesh AirlinesJeddah
75%
Biman Bangladesh AirlinesLondon (Heathrow)
75%
Biman Bangladesh AirlinesCox's Bazar
63%
Biman Bangladesh AirlinesSharjah
38%
Biman Bangladesh AirlinesManchester
25%

Score Distribution

Percentile by Number Answered

Percent of People with Each Score

Your Score History

You have not taken this quiz